Dano Drevo - všetky postavy (part 3) - Statistics

General Stats
  • This quiz has been taken 25 times
  • The average score is 4 of 16
Answer Stats
Picture Answer % Correct
Esmeralda
67%
pán Fekete
67%
Winnetou
60%
Pedrov otec
40%
John McGrady
33%
Tankista zo Žiliny
33%
Šikmooké monštrum
27%
mačka Elenka
20%
Malí Dávidkovia
20%
Adamko Lieskovský
13%
Michal
13%
Prasa pažravé
13%
Rudolf
13%
Ryšavé prasce
13%
Mogeranča
7%
Sárosima
0%
No matching quizzes found
Score Distribution
Percent of People with Each Score
Percentile by Number Answered
Your Score History
You have not taken this quiz